000 00586nam a22001935i 4500
001 48538
003 ES-MaACL
005 20230906161753.0
007 t|
008 950724s1880 fr ||||1| fre d
040 _aCAM
_bspa
_cCAM
100 1 _aDepasse, Hector.
_943751
245 1 3 _aLe clericalisme
_b: sa définition, ses principes, ses forces, ses dangers, ses remedes /
_cH. Depasse.
250 _a2e éd. rev. et corr.
260 _aParis :
_bMaurice Dreyfous,
_c1880 (
_fLagny)
300 _aXI, 346 p. ;
_c18 cm.
852 _aES-MaACL
_jD-3215
852 _aES-MaACL
_jG-7395
999 _c48538
_d48538